| 000 | 00362nam a2200157Ia 4500 | ||
|---|---|---|---|
| 100 | _aMisra/Saha | ||
| 650 | _aWireless communications | ||
| 942 | _cBK | ||
| 366 | _f25 | ||
| 654 | _awireless | ||
| 245 | _aWireless communications and networks:3G and beyond | ||
| 260 |
_bMcGraw Hill _c2009 |
||
| 082 |
_a384.5/MIS _bMIS |
||
| 300 | _a390 | ||
| 546 | _aENGLISH | ||
| 999 |
_c34363 _d34363 |
||